Tribhuvan University Central Library

Keeping pace an active reading study guide to accompany lefton's psychology (Record no. 47635)

MARC details
000 -LEADER
fixed length control field 00630 a2200241 4500
020 ## - INTERNATIONAL STANDARD BOOK NUMBER
International Standard Book Number 0-205-08262-9
041 ## - LANGUAGE CODE
Language code of text/sound track or separate title Eng
082 ## - DEWEY DECIMAL CLASSIFICATION NUMBER
Classification number 150
Item number V249k
100 ## - MAIN ENTRY--PERSONAL NAME
Personal name Valvatne, Laure
9 (RLIN) 1232
245 ## - TITLE STATEMENT
Title Keeping pace an active reading study guide to accompany lefton's psychology
250 ## - EDITION STATEMENT
Edition statement 3rd edn.
260 ## - PUBLICATION, DISTRIBUTION, ETC.
Place of publication, distribution, etc. Boston
Name of publisher, distributor, etc. Allyn and Bacon
Date of publication, distribution, etc. 1985
300 ## - PHYSICAL DESCRIPTION
Extent 439p.
Other physical details illus
650 ## - SUBJECT ADDED ENTRY--TOPICAL TERM
Topical term or geographic name entry element Learning
9 (RLIN) 552
650 ## - SUBJECT ADDED ENTRY--TOPICAL TERM
Topical term or geographic name entry element Motivation
9 (RLIN) 222
650 ## - SUBJECT ADDED ENTRY--TOPICAL TERM
Topical term or geographic name entry element Memory
9 (RLIN) 223
650 ## - SUBJECT ADDED ENTRY--TOPICAL TERM
Topical term or geographic name entry element Emotion
9 (RLIN) 544
650 ## - SUBJECT ADDED ENTRY--TOPICAL TERM
Topical term or geographic name entry element Psychotherarpy
9 (RLIN) 558
650 ## - SUBJECT ADDED ENTRY--TOPICAL TERM
Topical term or geographic name entry element Consciousness
9 (RLIN) 1233
653 ## - INDEX TERM--UNCONTROLLED
Uncontrolled term Psychology
942 ## - ADDED ENTRY ELEMENTS (KOHA)
Source of classification or shelving scheme Dewey Decimal Classification
Koha item type General Collections
518 ## - DATE/TIME AND PLACE OF AN EVENT NOTE
-- 20101127
Holdings
Withdrawn status Lost status Source of classification or shelving scheme Damaged status Not for loan Home library Current library Date acquired Total Checkouts Full call number Barcode Date last seen Price effective from Koha item type
    Dewey Decimal Classification     Tribhuvan University Central Library Tribhuvan University Central Library 11/27/2010   150 V249k G44346 11/27/2010 11/27/2010 General Collections